000 00438cam a22001934a 4500
005 20250605164317.0
008 250528s ||||||||||||||||||||||||d
035 _a22733
020 _a9780582447738
040 _aGR-AtMCL
_bgre
_dGR-AtMCL
_eAACR2
245 1 _aFOCUS ON IELTS
250 _a1
260 _bLongman,
_c2002
300 _a223
700 1 _aO'Connell Sue
_95215
942 _cBK
999 _c7778
_d7778